Karl-Heinz Berndt-Elbing

Titel: Karl-Heinz Berndt-Elbing : Ausstellung anläßlich des 65. Geburtstages ; Westpreußisches Landesmuseum, 11. September 1999 - 31. Oktober 1999 / [Autoren/Red.: Jutta Fethke ...]
Beteiligt: ;
Veröffentlicht: Münster, 1999
Umfang: 32 S. : überw. Ill.
Format: Buch
Sprache: Deutsch
Schriftenreihe/
mehrbändiges Werk:
Schriftenreihe des Westpreußischen Landesmuseums. Ausstellungskatalog ; 59
RVK-Notation:
Schlagworte:
ISBN: 3927111376
Buchumschlag
X
Lokale Klassifikation: 2 B 2100 ; 6 9 F
alg: 8430245
001A    $03004:09-11-99 
001B    $01999:12-05-23 $t23:01:12.000 
001D    $03004:09-11-99 
001U    $0utf8 
001X    $00 
002@    $0Aau 
003@    $0084302453 
003O    $076079209 $aOCoLC 
004A    $03-927111-37-6 
006G    $0957917880 
006U    $000,B02,0461 
007A    $0084302453 $aHEB 
007T    $0030-011262 
007T    $0Herd71091 
010@    $ager 
011@    $a1999 
013H    $0c 
021A    $aKarl-Heinz Berndt-Elbing $dAusstellung anläßlich des 65. Geburtstages ; Westpreußisches Landesmuseum, 11. September 1999 - 31. Oktober 1999 $h[Autoren/Red.: Jutta Fethke ...] 
028C    $7 $8Berndt-Elbing, Karl-Heinz [Tnx] $9167350099 
028C/01 $7 $8Fethke, Jutta [Tnd] $9153110384 
033A    $pMünster 
034D    $a32 S. 
034M    $aüberw. Ill. 
036E    $a@Schriftenreihe des Westpreußischen Landesmuseums. @Ausstellungskatalog $l59 
036F    $x259 $8Schriftenreihe des Westpreußischen Landesmuseums $9186267819 $l59 
044K    $#Elbing, Karl-Heinz Berndt- $#Berndt, Karl-Heinz $#Elbing, Karl-Heinz B.- $7122069900 $8Berndt-Elbing, Karl-Heinz$Z1934-1999 [Tp1] $9091475112 
045E    $a46 
045F    $a709.43832 $eDDC23BSB 
045F/01 $a709 
045F/03 $g43832 
045G    $a929.094382 $eDDC23BSB 
045G/01 $a929 
045G/03 $g4382 
045G/03 $g43832 
045Z    $8LI 99999 [Tkv] $9409939021 

lok: 8430245 3
101B    $021-06-22 $t14:14:16.000 
101C    $021-06-22 
101U    $0utf8 
145S/01 $a028 

exp: 8430245 3 1 #EPN
201B/01 $012-09-22 $t10:40:40.000 
201C/01 $022-03-21 
201U/01 $0utf8 
203@/01 $01147183252 
206@/01 $a03/LI 99999 B524 Berndt $ds $f153 $h03 LI 99999 B524 BERNDT 
208@/01 $a22-03-21 $brCv 
209A/01 $a34/LI 99999 B524 Berndt $db $f050 $h34 LI 99999 B524 BERNDT $x00 
209A/01 $aI-BeEl 001 $hI BeEl 001 $x01 
209B/01 $a4701 $x05 
209C/01 $aKu 11079 $hKu 11079 
209G/01 $a3001541809 $x00 
247C/01 $8601050-7 <30/50>Frankfurt, Universitätsbibliothek J. C. Senckenberg, Bibliothek Sprach- und Kulturwissenschaften (BSKW) $9486206378 

lok: 8430245 8

exp: 8430245 8 1 #EPN
201B/01 $024-06-13 $t13:17:04.000 
201U/01 $0utf8 
203@/01 $0214525872 
208@/01 $a29-05-94 $bz 
209A/01 $a/LI 99999 B524 $ds $f002 $x00 
209B/01 $aa030 $x05 
209C/01 $a320/99 
209G/01 $a18257718 $x00 
209G/01 $a3. Obergeschoss $x01 
247C/01 $8611002-2 <17/2>Darmstadt, TU Darmstadt, Universitäts- und Landesbibliothek - Lichtwiese $9308308549 

lok: 8430245 24
101B    $004-12-02 $t12:39:50.514 
101C    $009-11-99 
145Z/01 $a2 B 2100 
145Z/02 $a6 9 F 
101U    $0utf8 

exp: 8430245 24 1 #EPN
201B/01 $015-03-12 $t14:53:21.000 
201C/01 $009-11-99 
201U/01 $0utf8 
203@/01 $0138680620 
208@/01 $a09-11-99 $bz 
209A/01 $aS 16909 $du $f050 $hS 16909 $x00 
209C/01 $a99.3245 G $h99 3245 G 
209G/01 $a71145735 $x00 
244Z/01 $#Elbing, Karl-Heinz Berndt- $#Berndt, Karl-Heinz $#Elbing, Karl-Heinz B.- $7122069900 $8--Tp1--Berndt-Elbing, Karl-Heinz$Z1934-1999 $x01 $9091475112 
247C/01 $8358050-7 Marburg, Bibliothek des Herder-Instituts Marburg $9102600961 

lok: 8430245 78

exp: 8430245 78 1 #EPN
201B/01 $019-04-17 $t14:45:08.000 
201U/01 $0utf8 
203@/01 $0791814408 
208@/01 $a12-11-16 $be 
209A/01 $a/ $f000 $x00 
220C/01 $aTitelaufnehmer: jk 
237A/01 $aMünster-Wolbeck, 11.09.-31.10.1999. - Münster-Wolbeck, 11 września - 31 października 1999 r. . - weiterführende Signatur(en):  Herder-Institut: S 16909 
244Z/01 $2Trx $#Prusy Wschodnie i Zachodnie $8--Trx--Ost- und Westpreußen $x01 $939113373X 
244Z/01 $aGeschichte 1999 $x02 
244Z/01 $2Trx $#Berndt, Karl-Heinz $8--Trx--Berndt-Elbing, Karl-Heinz$Z1934-1999 $x03 $9390697435 
244Z/01 $2Trx $#maalrid $#dailininkai $#painters artists $#festö $#malarze artyści $#maliari $#malíři $8--Trx--Maler$gKünstler $x04 $9391383302 
244Z/01 $2Trx $#näitused, kunstilised $#parodos, meno $#art exhibitions $#művészi kiállitások $#wystawy, sztuka $#výstavy, umelecké $#výstavy umělecké $8--Trx--Ausstellungen, künstlerische $x05 $9391366890 
244Z/01 $2Trx $8--Trx--Monographie $x06 $9391384546 
244Z/01 $2Trx $#kataloogid muuseumid ja kogud $#katalogai muziejai ir kolekcijos $#Catalogs museums and collections $#múzeumi katalógusok $#katalogi muzeów i zbiorów $#katalógy múzeí a zbierok $#katalogy muzeí a sbírek $8--Trx--Kataloge$gMuseen und Sammlungen $x07 $939136491X 
244Z/01 $2Trx $#kataloogid näitused $#parodų katalogai $#Catalogs exhibitions $#katalógusok kiállítások $#katalogi wystaw $#katalógy výstavy $#katalogy výstavy $#Ausstellungskataloge $#Catalogues $8--Trx--Kataloge$gAusstellungen $x08 $9391371703 
245Z/01 $a12.03 $x01 
247C/01 $82080>Marburg/Lahn, Herder-Institut, Forschungsbibliothek, Bibliographieportal $9336309341
LEADER 00000cam a2200000 c 4500
001 084302453
003 DE-603
005 20230512230112.0
007 tu
008 991109s1999 xx |||| | u00||u|ger
015 |a 00,B02,0461  |2 dnb 
016 7 |2 DE-101  |a 957917880 
020 |a 3927111376 
035 |a (DE-599)HEB084302453 
035 |a (OCoLC)76079209 
040 |a DE-603  |b ger  |c DE-603  |d DE-603 
041 |a ger 
082 0 4 |8 1\u  |a 709.43832  |q DE-101  |2 23/BSB 
083 0 |8 2\u  |a 929.094382  |q DE-101  |2 23/BSB 
084 |a 46  |q DE-101  |2 sdnb 
084 |a LI 99999  |0 (DE-625)97471:  |0 (DE-603)409939021  |2 rvk 
085 |8 1\u  |b 709 
085 |8 1\u  |z 2  |s 43832 
085 |8 2\u  |b 929 
085 |8 2\u  |z 2  |s 4382 
085 |8 2\u  |z 2  |s 43832 
245 0 0 |a Karl-Heinz Berndt-Elbing  |b Ausstellung anläßlich des 65. Geburtstages ; Westpreußisches Landesmuseum, 11. September 1999 - 31. Oktober 1999  |c [Autoren/Red.: Jutta Fethke ...] 
264 1 |a Münster  |c 1999 
300 |a 32 S.  |b überw. Ill. 
490 1 |a Schriftenreihe des Westpreußischen Landesmuseums. Ausstellungskatalog  |v 59 
600 1 7 |a Berndt-Elbing, Karl-Heinz  |d 1934-1999  |0 (DE-588)122069900  |0 (DE-603)091475112  |2 gnd 
700 1 |a Berndt-Elbing, Karl-Heinz  |0 (DE-603)167350099 
700 1 |a Fethke, Jutta  |0 (DE-603)153110384 
810 2 2 |a Westpreußisches Landesmuseum  |t Schriftenreihe des Westpreußischen Landesmuseums  |v 59  |w (DE-603)186267819  |w (DE-600)1474167-2  |9 259  |7 as 
924 0 |9 30/50  |a (DE-603)1147183252  |b DE-30-50  |c HES  |d d  |g 34/LI 99999 B524 Berndt 
924 0 |9 17/2  |a (DE-603)214525872  |b DE-17-2  |c HES  |d b  |g /LI 99999 B524  |h 3. Obergeschoss 
924 0 |9 Mb 50  |a (DE-603)138680620  |b DE-Mb50  |c HES  |d c  |g S 16909 
924 0 |9 2080  |a (DE-603)791814408  |b DE-2080  |c HES  |d d  |g /